000 01439nam a2200421 i 4500
001 8949
003 KOSZ 005
005 20230619125207.0
008 160520s1969 pl a g 001 0 pol
015 _aPB 1969/9743
040 _aWA N
_cWA N
_dKOSZ 005/RW
041 1 _apol
_hfre
080 _a316.7
080 _a81:39
080 _a81-21
080 _a2-1
100 1 _aLévi-Strauss, Claude
_d(1908-2009).
245 1 0 _aMyśl nieoswojona /
_cClaude Lévi-Strauss ; przeł. Andrzej Zajączkowski.
246 1 _iTyt. oryg.:
_aPensée sauvage 1962.
260 _aWarszawa :
_bPaństwowe Wydawnictwo Naukowe,
_c1969.
300 _aVIII, [2], 416, [2] s., [5] k. tabl. :
_bil. ;
_c20 cm.
380 _aKsiążki
490 1 _aBiblioteka Socjologiczna.
500 _aTyt. oryg.: La pensée sauvage.
504 _aIndeks.
520 8 _aDotyczy głównie zagadnień etnograficznych.
650 4 _aLudy pierwotne
_xkultura.
650 4 _aEtnografia
650 4 _aEtnolingwistyka
650 4 _aAntropologia społeczna
650 4 _aTotemizm
650 4 _aEtnopsychologia
700 1 _aZajączkowski, Andrzej
_d(1922-1994).
_eTł.
710 2 _aPaństwowe Wydawnictwo Naukowe
_4pbl.
830 0 _aBiblioteka Socjologiczna
856 _uhttp://koha.tu.koszalin.pl/cgi-bin/koha/opac-detail.pl?biblionumber=8949
_yKatalog online BPK
942 _2UKD
_cKS
999 _c8949
_d8949